=LDR 00000nam 2200000 4500 =001 INLIS000000000021672 =005 20130612120517 =008 ***********************************Ind** =035 ##$$0010-061300000021672 =041 ##$$a Ind =082 ##$$a 346.07 =090 ##$$a 346.07, Sup k =100 ##$$a Suparni, Niniek =245 ##$$a KUHP kitab undang-undang hukum dagang dan kepailitan, Niniek Suparni ; editor, Andi Hamzah =260 ##$$a 2005 $b Jakarta =300 ##$$a viii, 342 hlm, ilus, 20 cm =650 ##$$a Hukum Dagang =850 ##$$a NBPNMAT